000 00328nam a22001457a 4500
008 230621b ||||| |||| 00| 0 eng d
020 _a9780521641593
041 _aeng
080 _a159.9
082 _a159.9CHA
100 _a25
101 _aPSI
245 _aDECISION MAKING IN HEALTH CARE
_cCHAPMAN.B.G
942 _2udc
_cBK
999 _c60011
_d60011